Alta velocidad ferroviaria e integración metropolitana en España : el caso de Ciudad Real y Puertollano /

Ciudad Real y Puertollano, ciudades de pequeño tamaño localizadas a una hora de Madrid en el corredor de alta velocidad Madrid-Sevilla, resultan de singular interés para analizar el impacto de la alta velocidad en núcleos de tales características. Ambas quedaron separadas del principal corredor entr...

Descripción completa

Detalles Bibliográficos
Autor principal: Ureña, José M.
Formato: Analitica de revista
Lenguaje:español

MARC

LEADER 00000cab a2200000 a 4500
001 033040
003 UAHC_CL
005 20180731145714.0
008 050722b xx j 000 1 spa
952 |0 0  |1 0  |4 0  |6 EURE_92_04_000000000000000  |7 0  |8 General  |9 63529  |a BC  |b BC  |c General  |d 2017-08-03  |l 0  |o EURE-92/04  |p FICTICIO3787  |r 2019-01-08 00:00:00  |t 1  |w 2017-08-03  |y REVA 
999 |c 33040  |d 33040 
040 |a UAHC_CL  |c UAHC_CL  |d UAHC_CL 
100 1 |a Ureña, José M. 
245 1 0 |a Alta velocidad ferroviaria e integración metropolitana en España :  |b el caso de Ciudad Real y Puertollano /  |c José M. Ureña ... et al. 
520 |a Ciudad Real y Puertollano, ciudades de pequeño tamaño localizadas a una hora de Madrid en el corredor de alta velocidad Madrid-Sevilla, resultan de singular interés para analizar el impacto de la alta velocidad en núcleos de tales características. Ambas quedaron separadas del principal corredor entre Madrid y Andalucía desde finales del siglo XVIII, y a partir de 1992, la línea de alta velocidad las reintegró a dicho corredor. Aquel mismo año entró en servicio la Autopista de Andalucía, cuyo trazado discurre a unos 50 kilómetros al este de Ciudad Real y Puertollano. El presente artículo se plantea en atención a tres objetivos fundamentales. En primer lugar, se examina el tipo de metodología más adecuado para analizar los efectos producidos por una línea de alta velocidad tras diez años de explotación. En segundo lugar, se describen los cambios detectados en los hábitos de movilidad en Ciudad Real y Puertollano, concretando el perfil profesional y la frecuencia con que utilizan el servicio aquellos viajeros que lo emplean habitualmente para desplazarse hacia o desde Madrid. En tercer lugar, se analiza el papel de la línea en el proceso de integración de ambas ciudades entre sí y con el área metropolitana de Madrid, y los efectos diferenciales de la autopista y la línea de alta velocidad en Ciudad Real y Puertollano atendiendo a sus peculiaridades socioeconómicas.\\Palabras Clave: alta velocidad ferroviaria; ciudad de pequeño tamaño; evaluación post-proyecto; efectos sobre la movilidad; efectos territoriales; área metropolitana. 
773 0 |t EURE  |w 032794 
900 |a EURE-92/04 
942 |c REVA  |2 ddc